Giáo trình quản lý công nghệ

Giáo trình cung cấp các kiến thức cơ bản và hiện đại về công nghệ và quản lí công nghệ trong các hoạt động sản xuất, kinh doanh, dịch vụ cũng như các hoạt động khác trong thực tiễn công nghiệp hoá của đất nước ....

ver descrição completa

Na minha lista:
Detalhes bibliográficos
Autor principal: Nguyễn, Đăng Dậu
Formato: Livro
Idioma:Undetermined
Publicado em: Hà Nội Tài chính 2003
Assuntos:
Tags: Adicionar Tag
Sem tags, seja o primeiro a adicionar uma tag!
Thư viện lưu trữ: Trung tâm Học liệu Trường Đại học Cần Thơ
LEADER 00922nam a2200205Ia 4500
001 CTU_110444
008 210402s9999 xx 000 0 und d
020 |c 30000 
082 |a 338.4 
082 |b D125 
100 |a Nguyễn, Đăng Dậu 
245 0 |a Giáo trình quản lý công nghệ 
245 0 |c Nguyễn Đăng Dậu (Chủ biên), Nguyễn Xuân Tài 
260 |a Hà Nội 
260 |b Tài chính 
260 |c 2003 
520 |a Giáo trình cung cấp các kiến thức cơ bản và hiện đại về công nghệ và quản lí công nghệ trong các hoạt động sản xuất, kinh doanh, dịch vụ cũng như các hoạt động khác trong thực tiễn công nghiệp hoá của đất nước . 
650 |a Technology tranfers 
904 |i Tuyến 
980 |a Trung tâm Học liệu Trường Đại học Cần Thơ